Women in school leadership / (Record no. 168433)

MARC details
000 -LEADER
fixed length control field 00627nam a22001937a 4500
005 - DATE AND TIME OF LATEST TRANSACTION
control field 20191009130004.0
010 ## - LCCN (DPL NO)
LC control number ENG-126620
020 ## - INTERNATIONAL STANDARD BOOK NUMBER
International Standard Book Number 9789353283780
Terms of availability 850.00
035 ## - SYSTEM CONTROL NUMBER
System control number EN-110152
037 ## - SOURCE OF ACQUISITION
Source of stock number/acquisition DBAD/PUB
082 ## - DEWEY DECIMAL CLASSIFICATION NUMBER
Classification number 371.2
100 ## - MAIN ENTRY--PERSONAL NAME
Personal name Mythili, N.
245 ## - TITLE STATEMENT
Title Women in school leadership /
Statement of responsibility, etc by Ophelie Wiel
260 ## - PUBLICATION, DISTRIBUTION, ETC. (IMPRINT)
Place of publication, distribution, etc New Delhi
Name of publisher, distributor, etc SAGE Publications
270 ## - ADDRESS
Address B1/1-1, Mohan Cooperative Industrial Area
City Mathura Road, Post Bag 7
Postal code 110044
Electronic mail address marketing@sagepub.in
300 ## - PHYSICAL DESCRIPTION
Extent ix,234p.
Dimensions 22cm(Hb)
500 ## - GENERAL NOTE
General note Includes bibliographical references and index
942 ## - ADDED ENTRY ELEMENTS (KOHA)
Source of classification or shelving scheme Dewey Decimal Classification
Item type English Books
Classification part 371.2
Call number suffix MYT
Holdings
Withdrawn status Lost status Not for loan Collection code Home library Current library Date acquired Source of acquisition Cost, normal purchase price Full call number Barcode Copy number Cost, replacement price Koha item type
      Non-fiction Sarojini Nagar Sarojini Nagar 09/10/2019 DBAD/PUB 850.00 371.2 MYT EN-110152 1 850.00 English Books

© Delhi Public Library
Hit Counter
free hit counter